The paper bag princess
Αποθηκεύτηκε σε:
| Κύριος συγγραφέας: | |
|---|---|
| Άλλοι συγγραφείς: | |
| Μορφή: | Βιβλίο |
| Γλώσσα: | English |
| Δημοσίευση: |
London : Scholastic, 1982, c1980. :
Scholastic,
[c2005].
|
| Θέματα: | |
| Ετικέτες: |
Προσθήκη ετικέτας
Δεν υπάρχουν, Καταχωρήστε ετικέτα πρώτοι!
|
MARC
| LEADER | 00000cam a2200000 i 4500 | ||
|---|---|---|---|
| 001 | 1/51938 | ||
| 008 | 070821s2005 uk | ||| |||| | eng|| | ||
| 020 | |a 1550379151 | ||
| 035 | |l 10089861 | ||
| 040 | |a GR-MY-UA |b gre |e aacr | ||
| 041 | 0 | |a eng | |
| 082 | 0 | |a 813.54 |2 (22) | |
| 100 | 1 | |a Munsch, Robert N., |d 1945- | |
| 245 | 1 | 4 | |a The paper bag princess / |c by Robert N. Munsch ; illustrated by Michael Martchenko. |
| 260 | |a London : Scholastic, 1982, c1980. : |b Scholastic, |c [c2005]. | ||
| 300 | |a 26 σ. ; |c 20 εκ. | ||
| 655 | 7 | |a Fairy tales |2 lcgft | |
| 650 | 0 | 0 | |a Childrens stories in English |y 1945- |x Texts. |
| 700 | 1 | |a Martchenko, Michael, |e ill | |
| 852 | |a INST |b RHODES |e 20070821 |h 813.54 MUN |p 005400026079 |q 005400026079 |t BK |y 0 | ||
| 901 | |a BIBL4-2007-2 | ||
| 909 | |a Ρ |b 135494 | ||
| 922 | |a 4ΕΛΗ |b 300706 |c ΕΠΕΑΕΚ2/ΤΕΠΑΕΣ |d Σ. ΠΑΤΑΚΗΣ | ||
| 970 | |a ΜΙΣΣΟΣ |b ΣΤΑΥΡΟΣ |z 2007/08/21 | ||